02117cam a22003135a 45000010011000000030004000110050017000150080041000320200018000730400044000910820017001352450039001522500017001912600054002083000036002625000076002985000062003745000066004365000026005025000029005285040041005575200931005986500048015296510010015776530037015879420017016249990017016419520145016580000661322OSt20151214131620.0100925s2011 enka frbdf 001 0 eng d a9781408128114 aBIP USbengdWaSeSSdEG-ScBUEdEG-ScBUE04a650bBUS22210aBusiness :bthe ultimate resource. a3rd rev. ed. aLondon : bA & C Black Publishers Limited,c2011. axxiv, 1760 p. :bill. ;c28 cm. a"A rich treasury of informaion Harvard business review." -- cover page. a"A useful powerful tool." management today -- cover page. a"The only guide to business you'll ever need." -- cover page. aIndex : p. 1589-1606. aGlossary : p. 1301-1585. aIncludes bibliographical references. aAn international bestseller, BUSINESS: The Ultimate Resourceis a one-stop reference and interactive tool covering all aspects of today's world of work.Unique, authoritative, and wide-ranging, it offers practical and strategic advice for anyone doing business today. Written with a team of world-class writers and editors, it is an essential desk reference for managers, MBA and business students and for small business owners worldwide.Fully updated and revised for this new edition, BUSINESSfeatures:Best Practice: over 170 essays from a stellar cast of business thought leadersChecklists and actionlists: more than 200 practical solutions to everyday business challengesManagement Library: time-saving digests of more than 100 of the world's best business booksDictionary: jargon-free definitions of more than 7,000 termsGiants and Thinkers: revised biographies of over 100 of the world's most influential gurus and pioneers 0aManagementvHandbooks, manuals, etc.2BUEsh 2BUEsh bBUSADMcAugust2015cDecember2015 2ddck650 BUS c20737d20709 00102ddc40708BaccahaMAINbMAINc0THd2015-08-30ePurchaseg484.00h23317l0o650 BUSp000039745r2026-04-05 00:00:00v605.00yREFERENCE